000 00685nam a2200289Ia 4500
005 20260324150411.0
008 008 260324s9999 xx 000 0 eng d
020 _a9781351299169
037 _aEBOOK
040 _aCRL
040 _beng
040 _cCRL
041 _2eng
041 _aeng
084 _qCRL
100 _aRenssalaer Lee
_91226289
245 0 _aWhite-collar Criminal
245 4 _bThe Offender in Business and the Professions
260 _bTaylor and Francis
260 _c1968
365 _a
365 _b230
856 _uhttp://www.taylorfrancis.com/books/9781351299169
942 _cEBOOK
999 _c1835674
_d1835674